Statistics for Best Picture Oscar Nominees

Click here to take the quiz!

General Stats

  • This quiz has been taken 6,969 times
  • The average score is 208 of 500

Answer Stats

YearFilm% Correct
1972The Godfather
83%
1997Titanic
83%
2016Moonlight
79%
1939Gone with the Wind
78%
2016La La Land
78%
1994Forrest Gump
76%
1943Casablanca
75%
2000Gladiator
73%
1993Schindler's List
73%
2002Chicago
72%
1999American Beauty
71%
1994Pulp Fiction
70%
2015Spotlight
70%
1959Ben-Hur
69%
2004Million Dollar Baby
69%
2007No Country for Old Men
69%
1976Rocky
69%
1998Shakespeare in Love
69%
201312 Years a Slave
68%
2012Argo
68%
2005Crash
68%
1977Star Wars
68%
1991The Silence of the Lambs
68%
1965The Sound of Music
68%
1977Annie Hall
67%
1979Kramer vs. Kramer
67%
1975One Flew Over the Cuckoo's Nest
67%
1998Saving Private Ryan
67%
2009Avatar
66%
1995Braveheart
66%
1986Platoon
66%
2011The Artist
66%
2006The Departed
66%
1974The Godfather Part II
66%
2010The King's Speech
66%
1990Dances with Wolves
65%
1982Gandhi
65%
1990Goodfellas
65%
1975Jaws
65%
1992Unforgiven
65%
1961West Side Story
65%
1984Amadeus
64%
1941Citizen Kane
64%
1976Taxi Driver
64%
1978The Deer Hunter
64%
1996The English Patient
64%
2009The Hurt Locker
64%
1969Z
64%
2001A Beautiful Mind
63%
1996Fargo
63%
1962Lawrence of Arabia
63%
1988Rain Man
63%
2008Slumdog Millionaire
63%
2015The Revenant
63%
1989Driving Miss Daisy
62%
1948Hamlet
62%
1964My Fair Lady
62%
1960The Apartment
62%
2003The Lord of the Rings: The Return of the King
62%
2012Lincoln
61%
1954On the Waterfront
61%
1985Out of Africa
61%
1970Patton
61%
1980Raging Bull
61%
1973The Sting
61%
1950All About Eve
60%
1979Apocalypse Now
60%
1968Oliver!
60%
1940Rebecca
60%
2002The Pianist
60%
1994The Shawshank Redemption
60%
2005Brokeback Mountain
59%
1972Cabaret
59%
1969Midnight Cowboy
59%
1967The Graduate
59%
2002The Lord of the Rings: The Two Towers
59%
2007There Will Be Blood
59%
1939The Wizard of Oz
59%
1981Chariots of Fire
58%
2012Django Unchained
58%
1997Good Will Hunting
58%
1983Terms of Endearment
58%
1957The Bridge on the River Kwai
58%
1971The French Connection
58%
2001The Lord of the Rings: The Fellowship of the Ring
58%
1934It Happened One Night
57%
1980Ordinary People
57%
2009Up
57%
1967In the Heat of the Night
56%
2016Manchester by the Sea
56%
2015Room
56%
2004The Aviator
56%
1987The Last Emperor
56%
2013The Wolf of Wall Street
56%
1962To Kill a Mockingbird
56%
1958Gigi
55%
1935 | 2012Les Misérables
55%
2006The Queen
55%
1991Beauty and the Beast
54%
2010Inception
54%
1964Mary Poppins
54%
2008Milk
54%
1981On Golden Pond
54%
1990The Godfather Part III
54%
1999The Green Mile
54%
2010True Grit
54%
1951An American in Paris
53%
1997As Good as It Gets
53%
1969Butch Cassidy and the Sundance Kid
53%
1974Chinatown
53%
1934 | 1963Cleopatra
53%
1953From Here to Eternity
53%
2002Gangs of New York
53%
1941How Green Was My Valley
53%
1998Life Is Beautiful
53%
2016Lion
53%
1955Marty
53%
1989My Left Foot
53%
1993The Piano
53%
1976All the President's Men
52%
1946It's a Wonderful Life
52%
2012Life of Pi
52%
2003Mystic River
52%
195712 Angry Men
51%
1966A Man for All Seasons
51%
2013American Hustle
51%
1951A Streetcar Named Desire
51%
2013Gravity
51%
1942Mrs. Miniver
51%
1976Network
51%
1981Reds
51%
1985The Color Purple
51%
2002The Hours
51%
1982Tootsie
51%
1949All the King's Men
50%
2010Black Swan
50%
1967Bonnie and Clyde
50%
2000Erin Brockovich
50%
1991JFK
50%
1952Moulin Rouge
50%
2001Moulin Rouge!
50%
1981Raiders of the Lost Ark
50%
2012Silver Linings Playbook
50%
1946The Best Years of Our Lives
50%
1952The Greatest Show on Earth
50%
2010Toy Story 3
50%
1956Around the World in 80 Days
49%
1995Babe
49%
1998Elizabeth
49%
1968Funny Girl
49%
1967Guess Who's Coming to Dinner
49%
2016Hacksaw Ridge
49%
1997L.A. Confidential
49%
1987Moonstruck
49%
1973The Exorcist
49%
2015The Martian
49%
1963Tom Jones
49%
2000Traffic
49%
1989Born on the Fourth of July
48%
2016Fences
48%
1990Ghost
48%
2013Her
48%
1939Mr. Smith Goes to Washington
48%
1935Mutiny on the Bounty
48%
2004Ray
48%
1995Sense and Sensibility
48%
2009The Blind Side
48%
2011The Help
48%
2014The Theory of Everything
48%
1971A Clockwork Orange
47%
2014American Sniper
47%
2013Dallas Buyers Club
47%
1936 | 1968Romeo and Juliet
47%
1950Sunset Boulevard
47%
1945The Lost Weekend
47%
2012Zero Dark Thirty
47%
1986Hannah and Her Sisters
46%
1992Howards End
46%
2009Inglourious Basterds
46%
2003Lost in Translation
46%
1953Roman Holiday
46%
1966Who's Afraid of Virginia Woolf?
46%
2016Arrival
45%
2000Crouching Tiger, Hidden Dragon
45%
1944Going My Way
45%
2016Hidden Figures
45%
1996Jerry Maguire
45%
2011Midnight in Paris
45%
2014The Grand Budapest Hotel
45%
1940The Philadelphia Story
45%
2008The Reader
45%
2009Up in the Air
45%
2014Whiplash
45%
1985Witness
45%
1973American Graffiti
44%
1995Apollo 13
44%
2014Boyhood
44%
1965Doctor Zhivago
44%
1956Giant
44%
1992Scent of a Woman
44%
2008The Curious Case of Benjamin Button
44%
1940The Grapes of Wrath
44%
1956The King and I
44%
1999The Sixth Sense
44%
1938You Can't Take It With You
44%
1992A Few Good Men
43%
2014Birdman or (The Unexpected Virtue of Ignorance)
43%
2005Capote
43%
1958Cat on a Hot Tin Roof
43%
1982E.T. the Extra-Terrestrial
43%
1994Four Weddings and a Funeral
43%
1947Gentleman's Agreement
43%
1952High Noon
43%
2007Juno
43%
1970Love Story
43%
1970M*A*S*H
43%
2011Moneyball
43%
1999The Cider House Rules
43%
2010The Fighter
43%
1968The Lion in Winter
43%
1956The Ten Commandments
43%
1998The Thin Red Line
43%
1986A Room with a View
42%
1975Barry Lyndon
42%
2013Captain Phillips
42%
1978Coming Home
42%
1979Norma Rae
42%
2014The Imitation Game
42%
1937The Life of Emile Zola
42%
1941The Maltese Falcon
42%
2010The Social Network
42%
2011War Horse
42%
1937A Star Is Born
41%
2007Atonement
41%
2006Babel
41%
2015Bridge of Spies
41%
1989Dead Poets Society
41%
1975Dog Day Afternoon
41%
1946Henry V
41%
2006Little Miss Sunshine
41%
2015Mad Max: Fury Road
41%
2007Michael Clayton
41%
1939Stagecoach
41%
1936The Great Ziegfeld
41%
1971The Last Picture Show
41%
1993The Remains of the Day
41%
1948The Treasure of the Sierra Madre
41%
2016Hell or High Water
40%
2014Selma
40%
1996Shine
40%
2015The Big Short
40%
1974The Conversation
40%
2011The Descendants
40%
2012Amour
39%
1984A Passage to India
39%
1987Fatal Attraction
39%
1947Great Expectations
39%
2011Hugo
39%
1977Julia
39%
1975Nashville
39%
2009Precious
39%
1993The Fugitive
39%
1974The Towering Inferno
39%
1970Airport
38%
1979All That Jazz
38%
2015Brooklyn
38%
2000Chocolat
38%
1944Double Indemnity
38%
2001Gosford Park
38%
1993In the Name of the Father
38%
1938Jezebel
38%
2005Munich
38%
2013Nebraska
38%
1980The Elephant Man
38%
1997The Full Monty
38%
2009A Serious Man
37%
1971Fiddler on the Roof
37%
1989Field of Dreams
37%
2005Good Night, and Good Luck
37%
1943 | 1978Heaven Can Wait
37%
1963How the West Was Won
37%
1945Mildred Pierce
37%
2013Philomena
37%
1941Suspicion
37%
1999The Insider
37%
1984The Killing Fields
37%
1964Zorba the Greek
37%
1960Elmer Gantry
36%
1970Five Easy Pieces
36%
2008Frost/Nixon
36%
1939Of Mice and Men
36%
1984Places in the Heart
36%
1940The Great Dictator
36%
2011The Tree of Life
36%
1939Wuthering Heights
36%
2010127 Hours
35%
1966Alfie
35%
1951A Place in the Sun
35%
1980Coal Miner's Daughter
35%
1972Deliverance
35%
1944Gaslight
35%
1963Lilies of the Field
35%
1978Midnight Express
35%
1994Quiz Show
35%
2003Seabiscuit
35%
1953Shane
35%
2004Sideways
35%
1983The Big Chill
35%
1954The Country Girl
35%
1992The Crying Game
35%
1961The Hustler
35%
1988Working Girl
35%
1942Yankee Doodle Dandy
35%
1936A Tale of Two Cities
34%
1990Awakenings
34%
2012Beasts of the Southern Wild
34%
1991Bugsy
34%
1986Children of a Lesser God
34%
1961Fanny
34%
2004Finding Neverland
34%
1974Lenny
34%
2006Letters from Iwo Jima
34%
1988Mississippi Burning
34%
1971Nicholas and Alexandra
34%
1996Secrets & Lies
34%
1958Separate Tables
34%
1977The Goodbye Girl
34%
1991The Prince of Tides
34%
1952The Quiet Man
34%
1977The Turning Point
34%
1982The Verdict
34%
1964Becket
33%
1950Born Yesterday
33%
1988Dangerous Liaisons
33%
1965Darling
33%
1964Dr. Strangelove or: How I Learned to Stop Worrying and Love the Bomb
33%
1939Goodbye, Mr. Chips
33%
1969Hello, Dolly!
33%
1985Kiss of the Spider Woman
33%
1936Mr. Deeds Goes to Town
33%
1985Prizzi's Honor
33%
1959The Diary of Anne Frank
33%
2010The Kids Are All Right
33%
1969Anne of the Thousand Days
32%
2011Extremely Loud & Incredibly Close
32%
2001In the Bedroom
32%
1961Judgment at Nuremberg
32%
1953Julius Caesar
32%
1959Room at the Top
32%
1980Tess
32%
1935The Informer
32%
1942The Magnificent Ambersons
32%
1955The Rose Tattoo
32%
2010Winter's Bone
32%
2009An Education
31%
1987Broadcast News
31%
1935David Copperfield
31%
1943For Whom the Bell Tolls
31%
2003Master and Commander: The Far Side of the World
31%
1947Miracle on 34th Street
31%
1982Missing
31%
1957Sayonara
31%
1941Sergeant York
31%
1983Tender Mercies
31%
1945The Bells of St. Mary's
31%
1962The Longest Day
31%
1959The Nun's Story
31%
1983The Right Stuff
31%
1934The Thin Man
31%
2009District 9
30%
1987Hope and Glory
30%
1995Il Postino: The Postman
30%
1948Johnny Belinda
30%
1972Sounder
30%
1988The Accidental Tourist
30%
1954The Caine Mutiny
30%
1949The Heiress
30%
1986The Mission
30%
1962The Music Man
30%
1948The Red Shoes
30%
1953The Robe
30%
1973A Touch of Class
29%
1938Boys Town
29%
1950Father of the Bride
29%
1939Ninotchka
29%
1958The Defiant Ones
29%
1966The Russians Are Coming, the Russians Are Coming
29%
1946The Yearling
29%
1935Top Hat
29%
1957Witness for the Prosecution
29%
1949A Letter to Three Wives
28%
1967Doctor Dolittle
28%
1939Love Affair
28%
1955Mister Roberts
28%
1938Pygmalion
28%
1951Quo Vadis
28%
1983The Dresser
28%
1972The Emigrants
28%
1961The Guns of Navarone
28%
1943The Song of Bernadette
28%
1960The Sundowners
28%
1943Watch on the Rhine
28%
1963America America
27%
1935A Midsummer Night's Dream
27%
1959Anatomy of a Murder
27%
1978An Unmarried Woman
27%
1981Atlantic City
27%
1937Captains Courageous
27%
1968Rachel, Rachel
27%
1934The Gay Divorcee
27%
1966The Sand Pebbles
27%
1973Cries and Whispers
26%
1940Kitty Foyle
26%
1954Seven Brides for Seven Brothers
26%
1945Spellbound
26%
1960The Alamo
26%
1934The Barretts of Wimpole Street
26%
1937The Good Earth
26%
1940The Letter
26%
1942The Pride of the Yankees
26%
1936The Story of Louis Pasteur
26%
1958Auntie Mame
25%
1979Breaking Away
25%
1943In Which We Serve
25%
1937Lost Horizon
25%
1957Peyton Place
25%
1936San Francisco
25%
1965Ship of Fools
25%
1938The Adventures of Robin Hood
25%
1947The Bishop's Wife
25%
1954Three Coins in the Fountain
25%
1944Wilson
25%
1945Anchors Aweigh
24%
1984A Soldier's Story
24%
1976Bound for Glory
24%
1934Imitation of Life
24%
1952Ivanhoe
24%
1950King Solomon's Mines
24%
1955Love Is a Many-Splendored Thing
24%
1943Madame Curie
24%
1940Our Town
24%
1941The Little Foxes
24%
1949Twelve O'Clock High
24%
1940All This, and Heaven Too
23%
1965A Thousand Clowns
23%
1938Grand Illusion
23%
1941Here Comes Mr. Jordan
23%
1937In Old Chicago
23%
1960Sons and Lovers
23%
1934Viva Villa!
23%
1935Broadway Melody of 1936
22%
1935Captain Blood
22%
1939Dark Victory
22%
1936Dodsworth
22%
1940Foreign Correspondent
22%
1956Friendly Persuasion
22%
1942Kings Row
22%
1955Picnic
22%
1937Stage Door
22%
1938The Citadel
22%
1943The More the Merrier
22%
1946The Razor's Edge
22%
1948The Snake Pit
22%
1942The Talk of the Town
22%
1935Alice Adams
21%
1936Anthony Adverse
21%
1947Crossfire
21%
1934Here Comes the Navy
21%
1936Three Smart Girls
21%
1938Alexander's Ragtime Band
20%
1949Battleground
20%
1938Four Daughters
20%
1937One Hundred Men and a Girl
20%
1944Since You Went Away
20%
1938Test Pilot
20%
1943The Ox-Bow Incident
20%
1934The White Parade
20%
1951Decision Before Dawn
19%
1941One Foot in Heaven
19%
1934One Night of Love
19%
1935Ruggles of Red Gap
19%
1937The Awful Truth
19%
1935The Lives of a Bengal Lancer
19%
1937Dead End
18%
1934Flirtation Walk
18%
1935Naughty Marietta
18%
1934The House of Rothschild
18%
1942The Invaders
18%
1942Wake Island
18%
1936Libeled Lady
17%
1940The Long Voyage Home
17%
1941Blossoms in the Dust
16%
1941Hold Back the Dawn
16%
1942Random Harvest
16%
1943The Human Comedy
16%
1942The Pied Piper
16%

Score Distribution

Percentile by Number Answered

Percent of People with Each Score

Your Score History

You have not taken this quiz